• 首页
  • 本馆介绍
  • 公告通知
  • 最新文献
  • 馆藏检索
  • 电子资源
  • 读者导购
  • 参考咨询
  • 我的图书馆
  • 登录
  • 详细信息显示
  • 放入我的书架
  • 预约/预借图书
  • 作者相关作品
  • 分类相关作品
  • 丛书相关作品
  • 出版社相关作品

书目信息

  • 表格格式
  • 工作单格式
  • 卡片格式
题名:
建筑细部图鉴--彩窗
    
 
作者: 渡部雄吉 著 ;王莉慧 , 许东亮 译
分册:  
出版信息: 北京   中国建筑工业出版社  2000
页数: 126页
开本: 29cm
丛书名:
单 册:
中图分类: TU22-64 , TU228-64
科图分类:
主题词: 建筑结构--细部设计--世界--图集 , 窗--建筑设计--世界--图集 , 建筑结构 , 细部设计 , 窗 , 建筑设计
电子资源:
ISBN: 7-112-04349-2
000 01148nam0 2200337 450
001 1551616830
005 20150131142041.51
010    @a7-112-04349-2@dCNY60.00
100    @a20010423d2000 em y0chiy0110 ea
101 1  @achi@cjpn
102    @aCN@b110000
105    @aa z 000yy
200 1  @a建筑细部图鉴--彩窗@Ajian zhu xi bu tu jian--cai chuang@9jian zhu xi bu tu jian@f(日)渡部雄吉著@g王莉慧,许东亮译
210    @a北京@c中国建筑工业出版社@d2000
215    @a126页@d29cm
305    @a日本CREO株式会社授权翻译出版
314    @a渡部雄吉(1924~1993),生于日本山形县酒田市,摄影家。著有《建筑细部图鉴·彩窗》。
330    @a本册介绍了德国、比利时、英国、奥地利、意大利、西班牙、葡萄牙、法国、爱尔兰等国的彩窗的建筑特色。
606 0  @a建筑结构@x细部设计@y世界@j图集
606 0  @a窗@x建筑设计@y世界@j图集
606 0  @a建筑结构
606 0  @a细部设计
606 0  @a窗
606 0  @a建筑设计
690    @aTU22-64@v5
690    @aTU228-64@v5
701  0 @a渡部雄吉@9du bu xiong ji@4著
702  0 @a王莉慧@9wang li hui@4译
702  0 @a许东亮@9xu dong liang@4译
801  0 @aCN@bTSSF@c20150131
905    @aZUCC@dTU22-64@eJY47
    
    建筑细部图鉴--彩窗/(日)渡部雄吉著/王莉慧,许东亮译.-北京:中国建筑工业出版社,2000
    126页;29cm
    
    
    ISBN 7-112-04349-2:CNY60.00
    本册介绍了德国、比利时、英国、奥地利、意大利、西班牙、葡萄牙、法国、爱尔兰等国的彩窗的建筑特色。
●
相关链接 在E读中查询图书 在五车中查询图书 在当当中查询图书 在豆瓣中查询图书


正题名:建筑细部图鉴--彩窗     索取号:TU22-64/JY47         预约/预借

序号 登录号 条形码 馆藏地/架位号 状态 备注
1 7861975   278619755   学院路分馆/ [索取号:TU22-64/JY47] 在馆    
唐山师范学院图书馆 欢迎您!
大连网信软件有限公司© 版权所有